Family nursing : (Record no. 848)

000 -LEADER
fixed length control field 01042pam a22003494a 4500
001 - CONTROL NUMBER
control field 49322510
003 - CONTROL NUMBER IDENTIFIER
control field OCoLC
005 - DATE AND TIME OF LATEST TRANSACTION
control field 20210426093429.0
008 - FIXED-LENGTH DATA ELEMENTS--GENERAL INFORMATION
fixed length control field 020307s2003 njua b 001 0 eng
010 ## - LIBRARY OF CONGRESS CONTROL NUMBER
LC control number 2002-25198
016 7# - NATIONAL BIBLIOGRAPHIC AGENCY CONTROL NUMBER
Record control number 101140158
Source DNLM
020 ## - INTERNATIONAL STANDARD BOOK NUMBER
International Standard Book Number 0130608246
040 ## - CATALOGING SOURCE
Original cataloging agency DNLM/DLC
Transcribing agency DLC
Modifying agency YDX
-- NLM
Language of cataloging eng
041 ## - LANGUAGE CODE
Language code of text/sound track or separate title eng
042 ## - AUTHENTICATION CODE
Authentication code pcc
049 ## - LOCAL HOLDINGS (OCLC)
Holding library VZYM
080 ## - UNIVERSAL DECIMAL CLASSIFICATION NUMBER
Universal Decimal Classification number 613.89
Item number F-92
096 ## - LOCALLY ASSIGNED NLM-TYPE CALL NUMBER (OCLC)
Classification number WY 18.2 F911f 2003
100 1# - MAIN ENTRY--PERSONAL NAME
Personal name Friedman, Marilyn M.
245 10 - TITLE STATEMENT
Title Family nursing :
Remainder of title research, theory, & practice /
Statement of responsibility, etc. / by: Prentice Hall
250 ## - EDITION STATEMENT
Edition statement 5th edition
260 ## - PUBLICATION, DISTRIBUTION, ETC.
Place of publication, distribution, etc. Upper Saddle River, N.J. :
Name of publisher, distributor, etc. Prentice Hall
Date of publication, distribution, etc. c2003.
300 ## - PHYSICAL DESCRIPTION
Extent xxii, 714 p. :
Other physical details ill. ;
Dimensions 26 cm.
504 ## - BIBLIOGRAPHY, ETC. NOTE
Bibliography, etc. note Includes bibliographical references (p. 655-702) and index.
590 ## - LOCAL NOTE (RLIN)
Local note c.1 MMC.
650 12 - SUBJECT ADDED ENTRY--TOPICAL TERM
Topical term or geographic name entry element Family Nursing
Form subdivision Programmed Instruction.
650 10 - SUBJECT ADDED ENTRY--TOPICAL TERM
Topical term or geographic name entry element Family Medicine
9 (RLIN) 119
653 ## - INDEX TERM--UNCONTROLLED
Uncontrolled term საოჯახო მედიცინა
700 1# - ADDED ENTRY--PERSONAL NAME
Personal name Bowden, Vicky R.
700 1# - ADDED ENTRY--PERSONAL NAME
Personal name Jones, Elaine.
942 ## - ADDED ENTRY ELEMENTS (KOHA)
Source of classification or shelving scheme
Koha item type Books
Edition 5
Holdings
Withdrawn status Lost status Source of classification or shelving scheme Damaged status Not for loan Permanent location Current location Date acquired Inventory number Total Checkouts Full call number Barcode Date last seen Price effective from Koha item type
          Ken Walker International University Ken Walker International University 12/29/2020 2319   613.89 F-92 2319 12/29/2020 12/29/2020 Books

Powered by Koha